Hard-Pressed to invest: the political economy of public sector reform in Costa Rica /
Gespeichert in:
| 1. Verfasser: | |
|---|---|
| Format: | Text |
| Schlagworte: | |
| Tags: |
Tag hinzufügen
Keine Tags, Fügen Sie den ersten Tag hinzu!
|
MARC
| LEADER | 00000 a a2200000 04500 | ||
|---|---|---|---|
| 001 | 14215 | ||
| 003 | |||
| 040 | |||
| 100 | |a Haglund, LaDawn | ||
| 245 | |a Hard-Pressed to invest: |b the political economy of public sector reform in Costa Rica / |c LaDawn Haglund | ||
| 650 | |a POLITICA ECONOMICA | ||
| 650 | |a NEOLIBERALISMO | ||
| 650 | |a ACUERDOS INTERNACIONALES | ||
| 650 | |a COSTA RICA | ||
| 650 | |a SERVICIOS PUBLICOS | ||
| 650 | |a FINANZAS PUBLICAS | ||
| 773 | |g volumen 3, número 1; páginas 5-46 | ||
| 999 | |c 32498 |d 32498 | ||
